Air Algérie Destinations - Statistics

General Stats
  • This quiz has been taken 37 times
  • The average score is 34 of 74
Answer Stats
Country Destination % Correct
France Marseille
87%
France Paris
87%
Spain Madrid
83%
Côte d'Ivoire Abidjan
77%
France Lyon
77%
Spain Barcelona
73%
Italy Rome
73%
Jordan Amman
70%
United Arab Emirates Dubai
70%
Switzerland Geneva
70%
France Lille
70%
Canada Montréal
70%
France Nice
70%
France Toulouse
70%
Belgium Brussels
67%
Senegal Dakar
67%
Qatar Doha
67%
Portugal Lisbon
67%
Algeria Oran
67%
Nigeria Abuja
63%
Algeria Algiers
63%
Spain Alicante
63%
Turkey Istanbul
63%
United Kingdom London
63%
Spain Valencia
63%
Turkey Antalya
60%
France Bordeaux
60%
Germany Frankfurt
60%
Saudi Arabia Medina
60%
Russia Moscow
60%
Tunisia Tunis
60%
Austria Vienna
60%
Algeria Annaba
57%
Egypt Cairo
57%
Algeria Constantine
57%
Italy Milan
57%
Niger Niamey
57%
Burkina Faso Ouagadougou
57%
Saudi Arabia Jeddah
53%
Cameroon Douala
50%
France Montpellier
50%
Mauritania Nouakchott
47%
Algeria Béjaïa
43%
Algeria Batna
37%
Algeria Adrar
33%
France Basel/Mulhouse
33%
Algeria Chlef
33%
Algeria Djanet
33%
Algeria Setif
33%
Algeria Tamanrasset
33%
France Metz/Nancy
30%
Algeria Tlemcen
30%
Algeria Béchar
27%
Algeria El Oued
27%
Algeria Ghardaïa
27%
Algeria Illizi
27%
Algeria Biskra
23%
Algeria Tindouf
23%
Algeria Jijel
20%
Algeria Laghouat
20%
Algeria Bordj Badji Mokhtar
13%
Algeria El Golea
13%
Algeria In Guezzam
13%
Algeria In Salah
13%
Spain Palma de Mallorca
13%
Algeria Tébessa
13%
Algeria El Bayadh
10%
Algeria Hassi Messaoud
10%
Algeria Ouargla
10%
Algeria Timimoun
10%
Algeria In Amenas
7%
Algeria Tiaret
7%
Algeria Mechria
3%
Algeria Touggourt
0%
No matching quizzes found
Score Distribution
Percent of People with Each Score
Percentile by Number Answered
Your Score History
You have not taken this quiz